00739nam a2200169 a 4500008004100000050002200041100001600063245011300079260003900192300003200231650002400263650003300287650003300320995007800353999001700431952012100448220224s2018 ||||||||||||||||| || u aCBU-PG THESIS/ZUL aZulu, Ketty12aA study of the relationship between Agriculture Finance and Agriculture Sector Growth in Zambiac Ketty Zulu aKitwebCopperbelt Universityc2018 axi, 68 Pages :illustrations aAGRICULTURE FINANCE aAGRICULTURE SECTOR IN ZAMBIA aAGRICULTURE GROWTH IN ZAMBIA FCBU-MAIN LIBRARY (Kitwe)M1UAVAILABLEWSep 23, 2022ZZambiana Collection c58945d58945 00102lcc4070a001b001cZambiana Collectiond2022-11-30l0oCBU-PG THESIS/ZULpB5025r2022-11-30w2022-11-30y002